Science Quiz

Random Science or Clickable Quiz
Score 0/21 Timer 07:00
0 Plays Today
% Correct
Green Sea Turtle
96.3%
Humpback Whale
95.6%
Spotted Eagle Ray
95.1%
Whitetip Reef Shark
94.7%
Hammerhead Shark
94.6%
Brain Coral
94.2%
Greater Blue-Ringed Octopus
93.6%
Sunflower Seastar
91.8%
Hot Vent Crab
91.5%
Clownfish
86.5%
Dugong
85.3%
% Correct
Sea Anemone
84.7%
Lionfish
80.8%
Yellow Shrimp Goby
79.4%
Common Cuttlefish
75.8%
Regal Tang
69.8%
Moorish Idol
66.3%
Dotted Butterflyfish
64.6%
Sea Slug
61.1%
Humphead Wrasse
59.7%
Parrotfish
49.3%
Remove Ads.
Support Sporcle.
Get the best of Sporcle when you Go Orange. This ad-free experience offers more features, more stats, and more fun while also helping to support Sporcle. Thank you for becoming a member.

You're not logged in!

Compare scores with friends on all Sporcle quizzes.
OR
Log In

Show Comments

Extras

Top Quizzes Today


Score Distribution

Your Account Isn't Verified!

In order to create a playlist on Sporcle, you need to verify the email address you used during registration. Go to your Sporcle Settings to finish the process.

Report this User

Report this user for behavior that violates our Community Guidelines.

Details: